इस जंगल के लोगः (Record no. 37715)
[ view plain ]
| 000 -LEADER | |
|---|---|
| fixed length control field | 01047nam a22002057a 4500 |
| 005 - DATE AND TIME OF LATEST TRANSACTION | |
| control field | 20100726135336.0 |
| 010 ## - LCCN (DPL NO) | |
| LC control number | HIN-89757 |
| 020 ## - INTERNATIONAL STANDARD BOOK NUMBER | |
| International Standard Book Number | 9788190679527 |
| Terms of availability | 150.00 |
| 035 ## - SYSTEM CONTROL NUMBER | |
| System control number | HN-62103 |
| 037 ## - SOURCE OF ACQUISITION | |
| Source of stock number/acquisition | DBAD / PUB |
| 082 ## - DEWEY DECIMAL CLASSIFICATION NUMBER | |
| Classification number | क |
| 100 ## - MAIN ENTRY--PERSONAL NAME | |
| Personal name | वासुदेव |
| 245 ## - TITLE STATEMENT | |
| Title | इस जंगल के लोगः |
| Remainder of title | आदिवासी जीवन पर आधारित श्रेष्ठ कहानियाँ / |
| Statement of responsibility, etc | वासुदेव |
| 246 ## - VARYING FORM OF TITLE | |
| Title proper/short title | Es Jungle ke Log |
| Remainder of title | by Vasudev |
| 260 ## - PUBLICATION, DISTRIBUTION, ETC. (IMPRINT) | |
| Place of publication, distribution, etc | दिल्ली |
| Name of publisher, distributor, etc | विकल्प प्रकाशन |
| Date of publication, distribution, etc | 2009 |
| 270 ## - ADDRESS | |
| Address | 2226/बी, प्रथम तल, गली नं.33, पहला पुस्ता , सोनिया विहार |
| City | दिल्ली |
| Postal code | 110094 |
| Telephone number | मो. 9211559886 |
| 300 ## - PHYSICAL DESCRIPTION | |
| Extent | 112पृ |
| Dimensions | 22सेमी (सजिल्द) |
| 942 ## - ADDED ENTRY ELEMENTS (KOHA) | |
| Source of classification or shelving scheme | Dewey Decimal Classification |
| Item type | Hindi Books |
| Classification part | क |
| Call number suffix | वासुदे |
| Withdrawn status | Lost status | Not for loan | Collection code | Home library | Current library | Date acquired | Source of acquisition | Cost, normal purchase price | Full call number | Barcode | Copy number | Cost, replacement price | Koha item type |
|---|---|---|---|---|---|---|---|---|---|---|---|---|---|
| Not For Loan | Fiction | D.B.Act.Division | D.B.Act.Division | 26/07/2010 | DBAD / PUB | 150.00 | क वासुदे | HN-62103 | 1 | 150.00 | Hindi Books |
